000 00638ntaaa2200229 4500
003 01
005 20251027200630.0
008 0714s1973 ag 01
040 _aAR-BaBN
_bspa
_cAR-BaBN
_eaacr
_dRIC
082 _a253.4 B45p
100 _aVan Dien Berg, J. H
_92390
245 _aPsicologĂ­a del enfermo postrado en cama /
_cJ. H Van Dien Berg,
250 _a1 ed.
260 _aBuenos Aires :
_bCarlos Lohlé,
_c1961
300 _a67 p
650 _aConsejo Pastoral
_9270
650 _aCuidado Pastoral
_91338
650 _aPastor-Ministerio Cristiano
650 _aPsicologia Pastoral
650 _aEnfermos-Visitacion
942 _cBK
999 _c946
_d946